Statistics for Native American Words A-Z

Click here to take the quiz!

General Stats

  • This quiz has been taken 245 times
    (236 since last reset)
  • The average score is 16 of 26

Answer Stats

HintAnswer% Correct
LButter bean or the capital of PeruLima
91%
IFamous ice buildingsIgloo
90%
MOne of the great lakes and its neighboring stateMichigan
89%
CCousin of the kayakCanoe
88%
DTwo US states and the name of a tribal groupDakota
87%
R"Bandit" mammal often found in your garbageRaccoon
83%
GLiterally, "avocado sauce"Guacamole
82%
KUS state whose name means "Hunting Ground"Kentucky
82%
NUS state whose name means "Flat Water"Nebraska
74%
ANorth American mountain rangeAppalachian
72%
BSwamp or bay, assimilated from Choctaw via FrenchBayou
72%
YGeneric term for an American, particularly a Northern residentYankee
66%
HA place to lie between the treesHammock
64%
ECultural group name meaning "snowshoe netter"Eskimo
63%
QThe first effective treatment for malariaQuinine
59%
WDomed dwelling primarily used by NE tribesWigwam
59%
OPesky mammal known for a hooked tailOpossum
55%
PBundle for a babyPapoose
53%
FNumber of "civilized tribes" moved to E OklahomaFive
49%
UMajor US tribe now living primarily in Utah and ColoradoUte
47%
S"Sufferin ____" is a catchphrase of Sylvester the CatSuccotash
46%
ZNew Mexican tribe of Pueblo peopleZuni
33%
TUniversity of Maryland's avian mascotTerrapin
28%
JCommon name for a Mexican turnipJicama
21%
VNational animal of Peru, related to the llamaVicuna
21%
XMayan city (700-900 AD) about 76 miles south of Mexico CityXochicalco
0%

Score Distribution

Percentile by Number Answered

Percent of People with Each Score

Your Score History

You have not taken this quiz since the last reset